000 00704nam a2200241Ia 4500
003 OSt
005 20220925210925.0
006 a|||||r|||| 00| 0
007 ta
008 220923b |||||||| |||| 00| 0 eng d
037 _cGeneral Book
040 _aRTL
_cRTL
_beng
041 _2eng
_aeng
082 _aU651.252JG.N8, M8
100 _aDixit R S
_9273519
245 0 _aSpatial organisation of market centres
260 _aJaipur
_bPointer Publishers India
_c1988
300 _axviii,328p
_ccm.
500 _aBibliography P 265-304; Appendix P 305-24
650 _aEconomic Geography
942 _hU651.252JG.N8, M8
_cGB
_2CC
999 _c556284
_d556284